| 000 | 01211nam0a22003131 4500 | ||
|---|---|---|---|
| 001 | v19\rc\1994356 | ||
| 005 | 20260406220953.0 | ||
| 035 | _a(NLR Aleph) 005070778 | ||
| 090 |
_a7093323 _c7093323 |
||
| 100 | _a20080811d1914 u y0rusy50 ca | ||
| 101 | 0 | _arus | |
| 102 | _aRU | ||
| 105 | _ay z ||||| | ||
| 200 | 1 |
_aОбзор деятельности Феодосийской городской больницы за 1912 и 1913 гг. _fСост. врачами больницы Раговской, Соболевым, Яхнис и Томашевичем _gПод общ. ред. ... д-ра мед. В.Ц. Томашевича |
|
| 210 |
_aФеодосия _d1914 |
||
| 215 |
_a[3], 327 с. _d22 |
||
| 702 | 1 |
_aРаговская _4220 |
|
| 702 | 1 |
_aСоболев _4220 |
|
| 702 | 1 |
_aЯхнис _4220 |
|
| 702 | 1 |
_aТомашевич _bВ.Ц. _gВикентий Цезаревич _4340 |
|
| 710 | 0 | 2 |
_aФеодосийская городская больница _3RU\NLR\AUTH\889975567 _9448001 |
| 801 | 0 |
_aRU _bNLR _gpsbo |
|
| 801 | 0 |
_aRU _bRuMoRGB _2psbo |
|
| 801 | 1 |
_aRU _bProSoft-M _2rusmarc |
|
| 852 |
_aNLR _j37.48.2.15 |
||
| 899 |
_aRuMoRGB _jA 258/6 |
||
| 899 | _aБАН | ||
| 942 | _cBOOK | ||
| 980 | _aNB | ||